000 01092cab a2200325 4500
001 ABS46965
008 090401t1992 xxu||||| |||| 00| 0 eng d
035 _a(Sirsi) u60226
041 _aeng
100 _aButler, J.
245 _aInsolvency - the dormant volcano
260 _c1992
300 _a(
350 _a0
490 _aEstates Gazette
_v(9232) 15 August 1992, 41-44(4)
520 _aExplains how the liquidator`s disclaimer of a lease under Insolvency Act 1986 s178 affects all parties, the landlord, insolvent tenant, original and former tenants, mortgagees and underlessees. Also covers the option of some to apply for a vesting order.
650 _aBUSINESS LEASES
650 _aDISCLAIMER
650 _aINSOLVENCY ACT 1986 S178
650 _aInsolvency
_96247
650 _aLANDLORD AND TENANT
_96252
650 _aLIQUIDATORS
650 _aORIGINAL TENANT
650 _aPRIVITY OF CONTRACT
650 _aVESTING ORDERS
690 _aMANAGEMENT-BUSINESS MANAGEMENT-PROFESSIONAL PRACTICE
700 _aMorgan, P.
942 _n0
948 _c04/03/1997
999 _c37106
_d37106